000 00509nam a2200193 a 4500
001 1774863791152
003 YourLibrary
005 20260330151549.0
008 260330s2005##################000#0#eng##
020 _a9780763747831
082 0 4 _a362.1
_bHOW
100 1 _aHowe, Rufus S.,
_eauthor.
245 1 0 _aThe Disease Manager's Handbook :
260 _bJones & Bartlett Learning,
_c2005.
300 _a300 pages
650 0 _aEducation.
942 _cENGLISH
040 _aYourLibrary
_beng
_cYourLibrary
999 _c618173
_d618173